LEADER 01078nam--2200349---450 001 990000804870203316 005 20210302093333.0 035 $a0080487 035 $aUSA010080487 035 $a(ALEPH)000080487USA01 035 $a0080487 100 $a20011210d1991----km-y0itay0103----ba 101 $aita 102 $aIT 105 $a||||||||001yy 200 1 $a<> esercito italiano nella campagna di Grecia$fMario Montanari 205 $a2. ed 210 $aRoma$cUfficio storico SME$d1991 215 $a879 p$c13 p. di tav., ill.$d25 cm 300 $aIn testa al frontespizio: Stato Maggiore dell'esercito, Ufficio storico 410 $12001 606 0 $aEsercito italiano$xGuerra mondiale 1939-1945$yGrecia 676 $a940.542195 700 1$aMONTANARI,$bMario$0186874 801 0$aIT$bsalbc$gISBD 912 $a990000804870203316 951 $aX.3.A. 770(III E 1858)$b115239 L.M.$cIII E 951 $aIII E 1858 BIS$b123589 L.M.$cIII E 959 $aBK 969 $aUMA 996 $aEsercito italiano nella campagna di Grecia$9220227 997 $aUNISA LEADER 01096nam a2200241 i 4500 001 991000794279707536 008 050201s2001 it 000 0 ita d 020 $a881323550X 035 $ab13273917-39ule_inst 040 $aDip.to Studi Giuridici$bita 082 0 $a352.35 100 1 $aDe Benetti, Cristina$0621808 245 13$aIl controllo di gestione nella procedimentalizzazione della funzione amministrativa :$bi controlli interni negli enti locali /$cCristina De Benetti 260 $aPadova :$bCEDAM,$c2001 300 $aix, 296 p. ;$c24 cm 440 0$aCollana del Dipartimento di scienze giuridiche dell'Universita degli studi Ca'Foscari di Venezia.$pN. S. ;$v8 650 4$aEnti locali$xGestione$xControllo 907 $a.b13273917$b21-09-06$c01-02-05 912 $a991000794279707536 945 $aLE027 353.35 DEB01.01$g1$i2027000081851$lle027$og$pE25.00$q-$rl$s- $t0$u2$v2$w2$x0$y.i13995923$z01-02-05 996 $aControllo di gestione nella procedimentalizzazione della funzione amministrativa$91107897 997 $aUNISALENTO 998 $ale027$b01-02-05$cm$da $e-$fita$git $h0$i0